00630nam a2200193Ia 4500008004100000020001200041082001400053100002100067245003700088250000800125260003400133300002900167500001900196600002100215650005000236942000700286952012800293999001500421240925s9999 xx 000 0 und d a7059296 a003.3 LAW aLaw ,Averill M. 0aSimulation Modeling and Analysis a3rd aBoston:bMC Graw-Hillc,2000. alxii,863p.bNAfOriginal aIncludes Index aComputer Science aComputer science, information & general works cBK 001040708CSaUITUbUITUd2003-08-20eFair Book Centerg1186.00l0o003.3 LAWpQ5190r2024-09-25 07:13:46w2024-09-25yBK c7689d7689